Sports Quiz

Random Sports or Alphabet Quiz

Cy Young Winners A-Z Quiz Stats

Quiz not verified by Sporcle

Also try: MLB MVP (A-Z)
Challenge
Share
Tweet
Embed
Score 0/18 Timer 07:00
0 Plays Today
Letter Pitcher (surname) % Correct
CCarlton, Carpenter, Chance, Clemens, Colón, Cone, Cuellar
98.1%
GGagné, Gibson, Glavine, Gooden, Greinke, Guidry
95.9%
SSabathia, Saberhagen, Santana, Scott, Seaver, Smoltz, Spahn, Stone, Sutcliffe, Sutter
95.7%
JJenkins, Johnson, Jones
95%
MMaddux, Marshall, Martínez, McCormick, McDowell, McLain
94%
VValenzuela, Verlander, Viola, Vuckovich
93.5%
HHalladay, Hentgen, Hernández (2), Hershiser, Hoyt, Hunter
89.9%
KKershaw, Koufax
87.1%
LLaw, Lee, Lincecum, Lonborg, Lyle
82.4%
Letter Pitcher (surname) % Correct
EEckersley
78.5%
PPalmer, Peavy, Perry (2)
72.7%
DDavis, Denny, Drabek, Drysdale
72.5%
FFingers, Flanagan, Ford
72%
WWebb, Welch, Wynn
51%
BBedrosian, Blue
50.8%
ZZito
49%
NNewcombe
44.7%
TTurley
13.6%

You're not logged in!

Compare scores with friends on all Sporcle quizzes.
Join for Free
OR
Log In

You Might Also Like...

Show Comments

Extras

Top Quizzes Today


Score Distribution

Your Account Isn't Verified!

In order to create a playlist on Sporcle, you need to verify the email address you used during registration. Go to your Sporcle Settings to finish the process.

Report this User

Report this user for behavior that violates our Community Guidelines.

Details: